| 000 | 00511nam a22001817a 4500 | ||
|---|---|---|---|
| 005 | 20180614114108.0 | ||
| 010 | _aENG-123219 | ||
| 020 |
_a9789385485022 _c300.00 |
||
| 035 | _aEN-106751 | ||
| 037 | _bDBAD/PUB | ||
| 082 | _a211.6 | ||
| 100 | _aElst, Koenraad | ||
| 245 |
_aThe problem with secularism/ _cby Koenraad Elst |
||
| 260 |
_aNew Delhi _bVoice Of India _c2007 |
||
| 270 |
_a2/18, Ansari Road, _bNew Delhi _e110002 |
||
| 300 |
_a222p. _c21cm(pbk) |
||
| 942 |
_2ddc _cEN _mELS _h211.6 |
||
| 999 |
_c152689 _d152689 |
||